Nabídka peněz - endogenní, nebo exogenní ?
Hlavné rysy monetaristického a postkeynesiánskeho prístupu k procesu ponuky peňazí. HDP a peňažné agregáty. Kvantitatívne rovnice a medziciele. Peniaze, ceny a mzdy. Ponuka peňazí a peňažná báza.
Salvato in:
| Autore principale: | |
|---|---|
| Natura: | Capitolo di libro |
| Lingua: | ceco |
| Soggetti: | |
| Tags: |
Nessun Tag, puoi essere il primo ad aggiungerne!!
|
MARC
| LEADER | 00000naa a2200000 4500 | ||
|---|---|---|---|
| 001 | r017607 | ||
| 005 | 20221205101704.6 | ||
| 041 | 0 | |a cze | |
| 044 | |a CZ | ||
| 245 | 1 | 0 | |a Nabídka peněz - endogenní, nebo exogenní ? |c Vratislav Izák |
| 520 | |a Hlavné rysy monetaristického a postkeynesiánskeho prístupu k procesu ponuky peňazí. HDP a peňažné agregáty. Kvantitatívne rovnice a medziciele. Peniaze, ceny a mzdy. Ponuka peňazí a peňažná báza. | ||
| 610 | 2 | 0 | |a peniaze |
| 610 | 2 | 0 | |a ponuka |
| 610 | 2 | 0 | |a teória peňažná |
| 610 | 2 | 0 | |a postkeynesizmus |
| 610 | 2 | 0 | |a monetarizmus |
| 610 | 2 | 0 | |a produkt domáci hrubý |
| 610 | 2 | 0 | |a agregáty menové |
| 610 | 2 | 0 | |a politika menová |
| 610 | 2 | 0 | |a ceny |
| 610 | 2 | 0 | |a mzdy |
| 610 | 2 | 0 | |a báza menová |
| 610 | 2 | 0 | |a Česko |
| 100 | 1 | |a Izák, Vratislav | |